[Event "RUS-chB U16"]
[Site "Dagomys"]
[Date "2009.04.15"]
[Round "1"]
[White "Britaev, Dzhambulat"]
[Black "Volodin, Ivan"]
[Result "0-1"]
[WhiteElo "1826"]
[BlackElo "2207"]
[PlyCount "64"]
[EventDate "2009.04.15"]
[EventType "swiss"]
[EventRounds "9"]
[EventCountry "RUS"]
[SourceTitle "EXT 2010"]
[Source "ChessBase"]
[SourceDate "2010.11.25"]
[SourceVersion "1"]
[SourceVersionDate "2010.11.25"]
[SourceQuality "1"]

1. d4 c5 2. d5 g6 3. c4 Bg7 4. Nc3 Bxc3+ 5. bxc3 f5 6. Nf3 d6 7. Bg5 Qa5 8. Qc2 Nf6 9. Bxf6 exf6 10. e3 0-0 11. h4 Nd7 12. h5 Ne5 13. Nxe5 fxe5 14. hxg6 hxg6 15. Be2 Kg7 16. Kd2 Bd7 17. Raf1 b5 18. cxb5 c4 19. Bxc4 Rac8 20. Bd3 Rc5 21. Qb3 Rfc8 22. Rc1 Bxb5 23. a4 Bxd3 24. Kxd3 Rxd5+ 25. Ke2 Qa6+ 26. Ke1 Qc6 27. Qb4 f4 28. exf4 Rd4 29. Qb3 Qxg2 30. Rh2 Qg1+ 31. Ke2 Qg4+ 32. f3 Qxf4 0-1